La empresa artesana y cooperativa a la luz de la doctrina social católica
Uloženo v:
| Korporativní autor: | |
|---|---|
| Médium: | Kniha |
| Jazyk: | španělština |
| Vydáno: |
Madrid
Centro de Estudios Sociales
1963
|
| Edice: | Anales de Moral Social y Económica, 3
|
| Témata: | |
| Tagy: |
Přidat tag
Žádné tagy, Buďte první, kdo vytvoří štítek k tomuto záznamu!
|
MARC
| LEADER | 00000nam a2200000 a 4500 | ||
|---|---|---|---|
| 001 | UCL4116 | ||
| 003 | CL-VaPUC | ||
| 008 | 031231e19630000SP |||||||||||||||||spa|d | ||
| 082 | 0 | 4 | |a 261.57 |b CEN |2 21 |
| 110 | 2 | |a Centro de Estudios Sociales de la Santa Cruz del Valle de los Caidos |e author |9 481640 | |
| 245 | 1 | 3 | |a La empresa artesana y cooperativa a la luz de la doctrina social católica |
| 300 | |a 344 p | ||
| 942 | |c BK | ||
| 945 | |d 20031231 00:00:00 |a rbrito | ||
| 260 | |a Madrid |b Centro de Estudios Sociales |c 1963 | ||
| 650 | 0 | |a Teología social |9 326726 | |
| 650 | 0 | |a Artesanías |9 266634 | |
| 650 | 0 | |a Doctrina social de la iglesia |9 257333 | |
| 650 | 7 | |a COOPERATIVISMO |2 CL-VaPUC |9 311346 | |
| 650 | 7 | |a SISTEMAS ECONOMICOS |2 CL-VaPUC |9 481641 | |
| 583 | |a last modification |c 20031231 00:00:00 |k Rodrigo Vera | ||
| 490 | 0 | |a Anales de Moral Social y Económica, 3 | |
| 999 | |c 307059 |d 307057 | ||
| 952 | |0 0 |1 0 |4 0 |6 261_570000000000000_CEN_1963 |7 0 |8 A |9 372541 |a BIBTEO |b BIBTEO |d 2019-11-21 |i 2086506 |o 261.57 CEN 1963 |p 2086506 |r 2025-01-17 |w 2019-11-21 |y BK |k ICR | ||